<?xml version="1.0" encoding="UTF-8"?><?xml-stylesheet type="text/xsl" href="static/style.xsl"?><OAI-PMH xmlns="http://www.openarchives.org/OAI/2.0/" xmlns:xsi="http://www.w3.org/2001/XMLSchema-instance" xsi:schemaLocation="http://www.openarchives.org/OAI/2.0/ http://www.openarchives.org/OAI/2.0/OAI-PMH.xsd"><responseDate>2026-04-17T21:23:27Z</responseDate><request verb="GetRecord" identifier="oai:www.recercat.cat:20.500.12327/4719" metadataPrefix="marc">https://recercat.cat/oai/request</request><GetRecord><record><header><identifier>oai:recercat.cat:20.500.12327/4719</identifier><datestamp>2025-10-22T11:03:10Z</datestamp><setSpec>com_2072_4428</setSpec><setSpec>com_2072_4427</setSpec><setSpec>col_2072_487898</setSpec></header><metadata><record xmlns="http://www.loc.gov/MARC21/slim" xmlns:dcterms="http://purl.org/dc/terms/" xmlns:xsi="http://www.w3.org/2001/XMLSchema-instance" xmlns:doc="http://www.lyncode.com/xoai" xsi:schemaLocation="http://www.loc.gov/MARC21/slim http://www.loc.gov/standards/marcxml/schema/MARC21slim.xsd">
   <leader>00925njm 22002777a 4500</leader>
   <datafield ind2=" " ind1=" " tag="042">
      <subfield code="a">dc</subfield>
   </datafield>
   <datafield ind2=" " ind1=" " tag="720">
      <subfield code="a">Prieto, Virginia</subfield>
      <subfield code="e">author</subfield>
   </datafield>
   <datafield ind2=" " ind1=" " tag="720">
      <subfield code="a">Miranda, Marcela</subfield>
      <subfield code="e">author</subfield>
   </datafield>
   <datafield ind2=" " ind1=" " tag="720">
      <subfield code="a">Aguiló-Aguayo, Ingrid</subfield>
      <subfield code="e">author</subfield>
   </datafield>
   <datafield ind2=" " ind1=" " tag="720">
      <subfield code="a">Teixidó, Neus</subfield>
      <subfield code="e">author</subfield>
   </datafield>
   <datafield ind2=" " ind1=" " tag="720">
      <subfield code="a">Ortiz, Jordi</subfield>
      <subfield code="e">author</subfield>
   </datafield>
   <datafield ind2=" " ind1=" " tag="720">
      <subfield code="a">Abadias, Maribel</subfield>
      <subfield code="e">author</subfield>
   </datafield>
   <datafield ind2=" " ind1=" " tag="260">
      <subfield code="c">2025-03-03</subfield>
   </datafield>
   <datafield ind2=" " ind1=" " tag="520">
      <subfield code="a">The growing demand for fresh foods, as well as the rise in ready-to-eat foods,&#xd;
is leading the food industry to study edible coatings to maintain the quality of fresh-cut&#xd;
fruit. The objective of this work was, first, to determine the antimicrobial activity of a&#xd;
commercial anti-browning solution (A), chitosan (CH), and nanochitosan (NCH) both&#xd;
in vitro and in vivo and, secondly, to assess the effects of those coatings on the quality of&#xd;
fresh-cut nectarines. Antimicrobial activity was studied against Listeria monocytogenes and&#xd;
Saccharomyces cerevisiae, which were used as models of a foodborne pathogen and a spoilage&#xd;
microorganism, respectively. After evaluating their effect against both microorganisms,&#xd;
including in nectarines (Prunus persica L. cv Nectagala), the fruit was treated with commercial&#xd;
anti-browning alone (A), anti-browning with chitosan (A + CH), and anti-browning&#xd;
with nanochitosan (A + NCH). The slices were then sealed in polyethylene plastic trays&#xd;
and stored at 5 ◦C for 6 days. pH, titratable acidity, soluble solids content, firmness, color,&#xd;
visual acceptance, and microbiological evolution were assessed. Total color difference&#xd;
(TCD) results demonstrated higher value in the fresh-cut fruit without coating. The chitosan&#xd;
coating controlled microbial growth during cold storage without causing significant&#xd;
alterations to the fruit’s quality, while it had the highest overall visual acceptance of the&#xd;
final product. Chitosan demonstrated clear advantages as an edible biocoating for fresh-cut&#xd;
nectarines, whereas nanochitosan did not perform as effectively as expected, indicating the&#xd;
need for further optimization to realize its potential benefits. The combination of chitosan&#xd;
and anti-browning agents presents a sustainable method for enhancing the quality and&#xd;
safety of fresh-cut nectarines, which may contribute to the extension of their shelf life</subfield>
   </datafield>
   <datafield ind1="8" ind2=" " tag="024">
      <subfield code="a">Prieto-Santiago, Virginia, Marcela Miranda, Ingrid Aguiló-Aguayo, Neus Teixidó, Jordi Ortiz-Solà, and Maribel Abadias. 2025. “Antimicrobial Efficacy of Nanochitosan and Chitosan Edible Coatings: Application for Enhancing the Safety of Fresh-Cut Nectarines.” Coatings 15 (3): 296. https://doi.org/10.3390/coatings15030296.</subfield>
   </datafield>
   <datafield ind1="8" ind2=" " tag="024">
      <subfield code="a">2079-6412</subfield>
   </datafield>
   <datafield ind1="8" ind2=" " tag="024">
      <subfield code="a">http://hdl.handle.net/20.500.12327/4719</subfield>
   </datafield>
   <datafield ind1="8" ind2=" " tag="024">
      <subfield code="a">https://doi.org/10.3390/coatings15030296</subfield>
   </datafield>
   <datafield ind2="0" ind1="0" tag="245">
      <subfield code="a">Antimicrobial Efficacy of Nanochitosan and Chitosan Edible Coatings: Application for Enhancing the Safety of Fresh-Cut Nectarines</subfield>
   </datafield>
</record></metadata></record></GetRecord></OAI-PMH>